LEADER 01729nam 2200541 450 001 9910458006503321 005 20200520144314.0 010 $a0-300-21131-7 035 $a(CKB)2550000001288226 035 $a(MiAaPQ)EBC3421431 035 $a(Au-PeEL)EBL3421431 035 $a(CaPaEBR)ebr10881063 035 $a(CaONFJC)MIL602781 035 $a(OCoLC)882258596 035 $a(EXLCZ)992550000001288226 100 $a20140617h20082008 uy 0 101 0 $aeng 135 $aurcnu|||||||| 181 $2rdacontent 182 $2rdamedia 183 $2rdacarrier 200 10$aOut of the East $espices and the medieval imagination /$fPaul Freedman ; designed by Nancy Ovedovitz 210 1$aNew Haven, [Connecticut] ;$aLondon, [England] :$cYale University Press,$d2008. 210 4$dİ2008 215 $a1 online resource (285 pages) $cillustrations, maps 311 $a0-300-11199-1 311 $a1-306-71530-X 320 $aIncludes bibliographical references and index. 606 $aSpices$xHistory$yTo 1500 606 $aSpice trade$xSocial aspects$xHistory$yTo 1500 606 $aFood habits$xHistory$yTo 1500 606 $aTrade routes$xHistory$yTo 1500 607 $aEurope$xTerritorial expansion$xHistory$yTo 1500 608 $aElectronic books. 615 0$aSpices$xHistory 615 0$aSpice trade$xSocial aspects$xHistory 615 0$aFood habits$xHistory 615 0$aTrade routes$xHistory 676 $a641.3/383 700 $aFreedman$b Paul H.$f1949-$0896980 702 $aOvedovitz$b Nancy 801 0$bMiAaPQ 801 1$bMiAaPQ 801 2$bMiAaPQ 906 $aBOOK 912 $a9910458006503321 996 $aOut of the East$92004217 997 $aUNINA LEADER 01806nam0 22003853i 450 001 RMS0127241 005 20251003044344.0 010 $a0471056693 010 $a9780471056690 100 $a20121129d2001 ||||0itac50 ba 101 | $aeng 102 $aus 181 1$6z01$ai $bxxxe 182 1$6z01$an 183 1$6z01$anc$2RDAcarrier 200 1 $aPattern classification$fRichard O. Duda, Peter E. Hart, David G. Stork 205 $a2. ed 210 $aNew York [etc.]$cJ. Wiley$dc2001 215 $aXX, 654 p.$cill.$d26 cm. 606 $aRiconoscimento delle forme$2FIR$3UFIC018048$9I 676 $a006.4$9METODI SPECIALI DI ELABORAZIONE. RICONOSCIMENTO DI FORME$v14 700 1$aDuda$b, Richard O.$3UANV000130$4070$028423 701 1$aStork$b, David G.$3RMSV015300$4070$028425 701 1$aHart$b, Peter E.$3UANV000131$4070$028424 790 1$aHart$b, Peter E.$c $3TSAV365387$zHart, Peter E. 801 3$aIT$bIT-000000$c20121129 850 $aIT-BN0095 901 $bNAP 01$cM/S $n$ 901 $bNAP 01$cSALA $n$ 901 $bNAP 01$cPOZZO LIB.$nVi sono collocati fondi di economia, periodici di ingegneria e scienze, periodici di economia e statistica e altri fondi comprendenti documenti di economia pervenuti in dono. 912 $aRMS0127241 950 0$aBiblioteca Centralizzata di Ateneo$d 01M/S (AR) 30 810$e 01AR 0700308105 VMA 1 v.$fY $h20240606$i20240606$d 01SALA 006.4 DUD pa$e 0104 0000023425 VMA $fY $h20121129$i20121129$c1 v.$d 01POZZO LIB.ECON MON 4470$e 0101 0000126685E VMA 1 v.$fB $h20210323$i20210323 977 $a 01 996 $aPattern classification$9328583 997 $aUNISANNIO